[Event "4NCL/Div1/BG1-WG2"]
[Site "Birmingham ENG"]
[Date "2002.??.??"]
[Round "7.7"]
[White "Littlewood, Paul E"]
[Black "Mestel, A Jonathan"]
[Result "1-0"]
[WhiteElo "2403"]
[BlackElo "2495"]
[PlyCount "81"]
[EventDate "2002.??.??"]

1. d4 d6 2. e4 g6 3. c4 e5 4. d5 Bg7 5. Nc3 a5 6. h4 Nf6 7. Be2 h5 8. Nf3 Na6
9. Ng5 O-O 10. f3 Nc5 11. Be3 Bd7 12. Qc2 a4 13. O-O Ne8 14. b4 axb3 15. axb3
Rxa1 16. Rxa1 f6 17. b4 fxg5 18. bxc5 gxh4 19. cxd6 cxd6 20. Qb3 Rf7 21. Qb6
Qf6 22. c5 dxc5 23. Qxf6 Rxf6 24. Bxc5 Bf8 25. Be3 h3 26. Rb1 Nd6 27. Rb6 hxg2
28. Kxg2 Kg7 29. f4 Nxe4 30. Nxe4 Rxb6 31. Bxb6 exf4 32. Bd4+ Kh6 33. Bf6 Bf5
34. Bg5+ Kg7 35. Bd3 Bxe4+ 36. Bxe4 Bd6 37. Bd3 Kf7 38. Kf3 b6 39. Bd8 Ke8 40.
Bxb6 g5 41. Bg6+ 1-0

[Event "4NCL/Div1/BG1-WG2"]
[Site "Birmingham ENG"]
[Date "2002.??.??"]
[Round "7.8"]
[White "Sheldon, Ruth"]
[Black "Sowray, Peter J"]
[Result "1/2-1/2"]
[WhiteElo "2310"]
[BlackElo "2302"]
[PlyCount "102"]
[EventDate "2002.??.??"]

1. d4 Nf6 2. c4 c5 3. d5 b5 4. cxb5 a6 5. f3 e6 6. e4 exd5 7. e5 Qe7 8. Qe2 Ng8
9. Nc3 Bb7 10. Nh3 c4 11. Bg5 Qc5 12. a4 d4 13. Ne4 Qb4+ 14. Kf2 d3 15. Qe3
Qxb2+ 16. Kg3 Bd5 17. Rc1 Nh6 18. Bxh6 Bxe4 19. Rxc4 Bb7 20. Bf4 axb5 21. Qb6
Bc6 22. axb5 Be7 23. Bxd3 h5 24. Rc2 h4+ 25. Kf2 Qb3 26. Rd1 O-O 27. Be3 Ra2
28. Rxa2 Qxd1 29. Rd2 Qh1 30. bxc6 Nxc6 31. Qb1 Qxh2 32. Qc1 Qg3+ 33. Kg1 Qxe5
34. Be4 Bb4 35. Rxd7 Ra8 36. Rd1 Bc3 37. Bxc6 Ra1 38. Qc2 Qxe3+ 39. Nf2 Rxd1+
40. Qxd1 Bd4 41. Qf1 g5 42. Bd7 Kg7 43. Bf5 Qd2 44. Be4 Kf6 45. Bb7 Ke5 46. Ba6
Kf4 47. Qe2 Qxe2 48. Bxe2 Kg3 49. Bc4 Bxf2+ 50. Kh1 f6 51. Be6 Be3 1/2-1/2

[Event "4NCL/Div1/BRI1-WG1"]
[Site "Birmingham ENG"]
[Date "2002.??.??"]
[Round "7.1"]
[White "Ansell, Simon"]
[Black "Short, Nigel D"]
[Result "0-1"]
[WhiteElo "2396"]
[BlackElo "2663"]
[PlyCount "78"]
[EventDate "2002.??.??"]

1. e4 c5 2. Nf3 d6 3. Bb5+ Nd7 4. d4 cxd4 5. Qxd4 Ngf6 6. Nc3 a6 7. Bxd7+ Nxd7
8. Bg5 f6 9. Be3 e6 10. O-O-O b5 11. h4 Qc7 12. h5 Rb8 13. Kb1 Be7 14. Nh4 b4
15. Ne2 a5 16. f4 Nc5 17. Ng3 a4 18. e5 dxe5 19. fxe5 f5 20. h6 O-O 21. hxg7
Rd8 22. Qf4 Rxd1+ 23. Rxd1 b3 24. cxb3 axb3 25. axb3 Bb7 26. Nhxf5 exf5 27.
Qc4+ Kxg7 28. Nxf5+ Kh8 29. Nd6 Rc8 30. Rc1 Ba6 31. Nf7+ Kg7 32. Bh6+ Kg8 33.
Qg4+ Kxf7 34. e6+ Nxe6 35. Qf5+ Ke8 36. Rxc7 Rxc7 37. Qxh7 Nc5 38. Qg8+ Kd7 39.
Qd5+ Bd6 0-1

[Event "4NCL/Div1/BRI1-WG1"]
[Site "Birmingham ENG"]
[Date "2002.??.??"]
[Round "7.2"]
[White "Speelman, Jonathan S"]
[Black "Beaumont, Chris"]
[Result "1-0"]
[WhiteElo "2596"]
[BlackElo "2300"]
[PlyCount "49"]
[EventDate "2002.??.??"]

1. Nf3 Nf6 2. c4 g6 3. Nc3 Bg7 4. d4 d6 5. Bg5 c6 6. h3 O-O 7. e3 a6 8. a3 b5
9. Nd2 Nbd7 10. Be2 Rb8 11. cxb5 cxb5 12. O-O h6 13. Bh4 Bb7 14. a4 b4 15. Na2
a5 16. Nc1 g5 17. Bg3 Ne4 18. Nxe4 Bxe4 19. Bf3 Nf6 20. Nb3 Qb6 21. Bxe4 Nxe4
22. Bh2 e5 23. Qd3 f5 24. dxe5 dxe5 25. Bxe5 1-0

[Event "4NCL/Div1/BRI1-WG1"]
[Site "Birmingham ENG"]
[Date "2002.??.??"]
[Round "7.3"]
[White "Burgess, Graham"]
[Black "Baburin, Alexander"]
[Result "0-1"]
[WhiteElo "2298"]
[BlackElo "2565"]
[PlyCount "114"]
[EventDate "2002.??.??"]

1. e4 c5 2. Nf3 d6 3. d4 cxd4 4. Nxd4 Nf6 5. Nc3 a6 6. f4 e5 7. Nf3 Nbd7 8. a4
Be7 9. Bd3 O-O 10. O-O exf4 11. Bxf4 Qb6+ 12. Kh1 Qxb2 13. Qe1 Qb6 14. Nd5 Nxd5
15. exd5 Qd8 16. c4 Nc5 17. Bc2 Bg4 18. Qg3 Bxf3 19. Rxf3 g6 20. Raf1 Bh4 21.
Qh3 Bg5 22. Qg3 Bxf4 23. Rxf4 Nd7 24. Rh4 Qe7 25. Qh3 f5 26. Qg3 Rae8 27. Rhf4
Kh8 28. h3 Nf6 29. R4f3 Qc7 30. Qh4 Re5 31. g4 Qxc4 32. Qh6 Ree8 33. gxf5 Qxc2
34. fxg6 Qxg6 35. Qxg6 hxg6 36. Rxf6 Kg7 37. Rxf8 Rxf8 38. Rb1 Rf7 39. Kg2 Kf6
40. Re1 Re7 41. Rf1+ Kg5 42. Rf8 Re4 43. Rd8 Rxa4 44. Rxd6 a5 45. Re6 Rd4 46.
Re7 b5 47. d6 Rxd6 48. Re5+ Kf4 49. Rxb5 Ra6 50. Rb3 a4 51. Ra3 Ke4 52. Kf2 Kd4
53. Ke2 Kc4 54. Kd2 Kb4 55. Ra1 a3 56. Kc2 a2 57. Kb2 g5 0-1

[Event "4NCL/Div1/BRI1-WG1"]
[Site "Birmingham ENG"]
[Date "2002.??.??"]
[Round "7.4"]
[White "Emms, John M"]
[Black "Cobb, Charles"]
[Result "1/2-1/2"]
[WhiteElo "2537"]
[BlackElo "2297"]
[PlyCount "98"]
[EventDate "2002.??.??"]

1. e4 d5 2. exd5 Nf6 3. Nf3 Nxd5 4. d4 g6 5. c4 Nb6 6. Nc3 Bg7 7. c5 Nd5 8. Bc4
c6 9. O-O O-O 10. Re1 b6 11. Bg5 f6 12. Bf4 Kh8 13. Bxd5 cxd5 14. Qb3 e6 15.
Bd6 Rf7 16. Nxd5 bxc5 17. dxc5 Rb7 18. Qd3 Nc6 19. b3 Bd7 20. Nc3 e5 21. Rad1
Qg8 22. Nd5 Qf7 23. h3 Be6 24. Nc3 h6 25. Rd2 Kh7 26. Red1 Rc8 27. Ne4 Qg8 28.
Ng3 Qf7 29. Ne2 h5 30. Qc3 g5 31. Nh2 Kg8 32. Nf3 g4 33. hxg4 hxg4 34. Nh4 Bh6
35. Ng3 Bxd2 36. Rxd2 Qh7 37. Bxe5 Nxe5 38. Rd6 Qxh4 39. Rxe6 Qg5 40. Ne4 Qf5
41. Nxf6+ Kf7 42. Rxe5 Qxf6 43. Qc4+ Kf8 44. Qxg4 Qc6 45. Rh5 Re8 46. Qg5 Rg7
47. Rh8+ Kf7 48. Qf4+ Ke7 49. Qe5+ Kf7 1/2-1/2

[Event "4NCL/Div1/BRI1-WG1"]
[Site "Birmingham ENG"]
[Date "2002.??.??"]
[Round "7.5"]
[White "McFarland, Robert S"]
[Black "Agdestein, Simen"]
[Result "0-1"]
[WhiteElo "2280"]
[BlackElo "2572"]
[PlyCount "82"]
[EventDate "2002.??.??"]

1. Nf3 f5 2. g3 g6 3. Bg2 Bg7 4. d4 d6 5. b3 Nh6 6. Bb2 O-O 7. Nbd2 e6 8. O-O
g5 9. e3 Nf7 10. Nc4 Nd7 11. Qd2 g4 12. Ne1 d5 13. Na3 Nf6 14. c4 Ne4 15. Qc2
Bd7 16. Nd3 Nfg5 17. Nf4 Be8 18. Nb1 h5 19. Nd2 Rf6 20. f3 Nxd2 21. Qxd2 c6 22.
h3 gxf3 23. Bxf3 dxc4 24. Qb4 cxb3 25. Qxb7 bxa2 26. Rxa2 Nxf3+ 27. Rxf3 a5 28.
Ba3 Rb8 29. Qe7 Qc8 30. Qc5 Rb5 31. Qc3 Rh6 32. Bc5 Qc7 33. Nd3 h4 34. Ne5 Qd8
35. Rg2 Rb1+ 36. Kh2 Bxe5 37. dxe5 Qd1 38. gxh4+ Kh7 39. Rff2 Qh1+ 40. Kg3 Rg6+
41. Kf3 Qxh3+ 0-1

[Event "4NCL/Div1/BRI1-WG1"]
[Site "Birmingham ENG"]
[Date "2002.??.??"]
[Round "7.6"]
[White "Martin, Andrew D"]
[Black "Buckley, David E"]
[Result "1-0"]
[WhiteElo "2443"]
[BlackElo "2192"]
[PlyCount "67"]
[EventDate "2002.??.??"]

1. d4 Nf6 2. c4 g6 3. Nc3 d5 4. Nf3 Bg7 5. cxd5 Nxd5 6. Qb3 Nxc3 7. bxc3 c5 8.
e3 O-O 9. Be2 Qc7 10. O-O Nd7 11. Rd1 Nf6 12. a4 Rd8 13. Ba3 Be6 14. c4 Ne4 15.
Bd3 f5 16. Rac1 Bf7 17. Qc2 cxd4 18. exd4 e5 19. dxe5 Nc5 20. Bf1 Qa5 21. Ng5
Bxe5 22. Nxf7 Kxf7 23. Rd5 Rxd5 24. cxd5 Ne4 25. Bd3 Nd6 26. Qc7+ Qxc7 27.
Rxc7+ Kf6 28. Rd7 Nf7 29. Rxb7 Bd4 30. Bb5 Rc8 31. Bc6 Bb6 32. Bb2+ Ne5 33.
Rxb6 axb6 34. f4 1-0

[Event "4NCL/Div1/BRI1-WG1"]
[Site "Birmingham ENG"]
[Date "2002.??.??"]
[Round "7.7"]
[White "Collier, David O"]
[Black "Pein, Malcolm"]
[Result "1-0"]
[WhiteElo "2255"]
[BlackElo "2424"]
[PlyCount "111"]
[EventDate "2002.??.??"]

1. d4 e6 2. c4 f5 3. Nc3 Nf6 4. Bg5 Bb4 5. e3 b6 6. Be2 Bb7 7. Bf3 Bxc3+ 8.
bxc3 Nc6 9. Ne2 O-O 10. Rb1 Qc8 11. Ng3 Na5 12. Bxf6 Rxf6 13. c5 bxc5 14. d5
Nc4 15. dxe6 Bxf3 16. exd7 Bxd1 17. dxc8=Q+ Rxc8 18. Rxd1 g6 19. O-O Ra6 20.
Rd5 Rxa2 21. Rxc5 Nd6 22. h4 Kf7 23. Re1 Ke6 24. e4 fxe4 25. Nxe4 Nxe4 26.
Rxe4+ Kd6 27. Rec4 c6 28. h5 Rc7 29. hxg6 hxg6 30. Rg5 a5 31. Rxg6+ Kd5 32.
Rgg4 c5 33. Ra4 Rxa4 34. Rxa4 c4 35. f3 Ra7 36. Kf2 Kc5 37. g4 Kb5 38. Ra3 Rd7
39. g5 Rd2+ 40. Ke3 Rb2 41. Ra1 Rc2 42. Kd4 Rd2+ 43. Ke4 Re2+ 44. Kf4 Rg2 45.
Ra3 a4 46. Kf5 Rg3 47. f4 Kc5 48. g6 Kd5 49. Rxa4 Rxc3 50. g7 Rg3 51. Kf6 c3
52. Ra3 Kd4 53. Kf7 c2 54. Ra1 Ra3 55. Rc1 Ra7+ 56. Kg6 1-0

[Event "4NCL/Div1/BRI1-WG1"]
[Site "Birmingham ENG"]
[Date "2002.??.??"]
[Round "7.8"]
[White "Arakhamia Grant, Ketevan"]
[Black "Buckley, Melanie"]
[Result "1/2-1/2"]
[WhiteElo "2410"]
[BlackElo "2147"]
[PlyCount "98"]
[EventDate "2002.??.??"]

1. e4 e6 2. d4 d5 3. Nc3 Bb4 4. e5 c5 5. a3 Bxc3+ 6. bxc3 Ne7 7. Qg4 Kf8 8. Nf3
b6 9. a4 h6 10. Bd3 Ba6 11. O-O Bxd3 12. cxd3 Kg8 13. dxc5 bxc5 14. Rb1 Qc7 15.
Ba3 Nd7 16. d4 Kh7 17. c4 Rhb8 18. cxd5 Nxd5 19. Rbc1 Rb3 20. Bxc5 Qa5 21. Rc4
N7b6 22. Bxb6 Nxb6 23. Rc7 Rf8 24. Qe4+ Kg8 25. Ra1 Nd5 26. Rc5 Qa6 27. Qc2 Rb4
28. h3 Rfb8 29. Rc6 Qb7 30. Rc1 g6 31. a5 Kg7 32. a6 Qb5 33. Qc5 Rb2 34. Qxb5
R8xb5 35. Ne1 Rd2 36. Nf3 Ra2 37. Rd6 Rbb2 38. Rf1 Nb4 39. Rd7 Rxa6 40. Rb7
Raa2 41. Rc1 Nd5 42. Rxb2 Rxb2 43. Ra1 Rb7 44. Nd2 Nc3 45. Kf1 Rb4 46. Rxa7
Rxd4 47. Ke1 Rd5 48. f4 Rd4 49. g3 Ne4 1/2-1/2

[Event "4NCL/Div1/BG2-BARB2"]
[Site "Birmingham ENG"]
[Date "2002.??.??"]
[Round "7.1"]
[White "Norwood, David"]
[Black "Collins, Sam"]
[Result "1/2-1/2"]
[WhiteElo "2507"]
[BlackElo "2299"]
[PlyCount "126"]
[EventDate "2002.??.??"]

1. g3 d5 2. Bg2 c6 3. Nf3 Bg4 4. b3 Nd7 5. Bb2 Ngf6 6. O-O e6 7. d3 Bd6 8. Nbd2
O-O 9. h3 Bh5 10. e4 dxe4 11. dxe4 Be5 12. c3 Bc7 13. Qe2 Ne5 14. g4 Nxf3+ 15.
Bxf3 Bg6 16. Ba3 Re8 17. Rad1 Nd5 18. Nc4 Nxc3 19. Qe3 Nxd1 20. Rxd1 Qh4 21.
Kg2 Red8 22. Nd6 Bb6 23. Qe2 e5 24. Bb2 Qe7 25. Ba3 Bd4 26. Nc4 Bc5 27. Bxc5
Qxc5 28. h4 f6 29. h5 Bf7 30. Ne3 Rxd1 31. Qxd1 Qd4 32. Qc1 a5 33. g5 fxg5 34.
Nf5 Qd8 35. h6 g6 36. Ne3 Be6 37. Bg4 Qd7 38. Kg3 a4 39. Qc5 axb3 40. axb3 Re8
41. f3 Qf7 42. Bxe6 Rxe6 43. Ng4 Re8 44. Kg2 Qe6 45. Qe3 Qe7 46. Qc3 Qd6 47.
Qc4+ Kf8 48. Qc1 Qe7 49. Qc3 c5 50. Kh3 b6 51. Kg2 Kg8 52. Qc4+ Kh8 53. Qa6 Qd8
54. Qb7 Re7 55. Qc6 Qf8 56. Qxb6 Rd7 57. Nxe5 Rd2+ 58. Kf1 Rh2 59. Nf7+ Kg8 60.
Nxg5 Rxh6 61. Qe6+ Kh8 62. Qe5+ Kg8 63. Qd5+ Kh8 1/2-1/2

[Event "4NCL/Div1/BG2-BARB2"]
[Site "Birmingham ENG"]
[Date "2002.??.??"]
[Round "7.2"]
[White "Berry, Neil"]
[Black "McDonald, Neil R"]
[Result "1/2-1/2"]
[WhiteElo "2257"]
[BlackElo "2398"]
[PlyCount "56"]
[EventDate "2002.??.??"]

1. Nf3 f5 2. c4 Nf6 3. g3 g6 4. Bg2 Bg7 5. O-O O-O 6. d4 d6 7. Nc3 Nc6 8. d5
Ne5 9. Qb3 Nxf3+ 10. Bxf3 Nd7 11. Be3 Ne5 12. Bg2 c5 13. h3 a6 14. f4 Nf7 15.
Bf2 Rb8 16. a4 Bd7 17. Rfe1 Qa5 18. Ra3 b5 19. axb5 Qb4 20. Qa2 axb5 21. Ra7
Rfd8 22. Nxb5 Bxb5 23. cxb5 Qxb5 24. e4 fxe4 25. Rxe4 Bf8 26. b4 cxb4 27. Qb3
Rdc8 28. Ra4 Rc1+ 1/2-1/2

[Event "4NCL/Div1/BG2-BARB2"]
[Site "Birmingham ENG"]
[Date "2002.??.??"]
[Round "7.3"]
[White "Richardson, John R"]
[Black "Duncan, Christopher R"]
[Result "1/2-1/2"]
[WhiteElo "2308"]
[BlackElo "2336"]
[PlyCount "39"]
[EventDate "2002.??.??"]

1. d4 d5 2. Nf3 Nf6 3. c4 dxc4 4. Nc3 a6 5. e3 c5 6. Bxc4 e6 7. O-O b5 8. Be2
Bb7 9. Ne5 Nbd7 10. Bf3 Qc7 11. Bxb7 Qxb7 12. Nxd7 Qxd7 13. Qf3 Rc8 14. Rd1
cxd4 15. exd4 Be7 16. d5 Nxd5 17. Nxd5 exd5 18. Rxd5 Qc6 19. Be3 O-O 20. Rad1
1/2-1/2

[Event "4NCL/Div1/BG2-BARB2"]
[Site "Birmingham ENG"]
[Date "2002.??.??"]
[Round "7.4"]
[White "Shikerov, Stefan"]
[Black "Moskovic, David M"]
[Result "1-0"]
[WhiteElo "2298"]
[BlackElo "2250"]
[PlyCount "95"]
[EventDate "2002.??.??"]

1. d4 Nf6 2. c4 g6 3. Nc3 Bg7 4. e4 d6 5. Nf3 O-O 6. Be2 e5 7. O-O exd4 8. Nxd4
Re8 9. f3 c6 10. Nc2 Be6 11. Kh1 Na6 12. Bg5 h6 13. Bh4 g5 14. Bf2 Nh5 15. g3
Bh3 16. Re1 Nc5 17. Qd2 Qe7 18. Rad1 Be5 19. Bd4 Bxd4 20. Nxd4 Rad8 21. b4 Ne6
22. Nxe6 Bxe6 23. f4 Nf6 24. f5 Bc8 25. Bf3 Qe5 26. g4 b6 27. Kg2 Kh7 28. Qd4
Bb7 29. c5 Qxd4 30. Rxd4 dxc5 31. Rxd8 Rxd8 32. bxc5 bxc5 33. e5 Nd5 34. Ne4
Nf4+ 35. Kg3 c4 36. Nd6 Nd3 37. Re3 Ba6 38. Nxf7 Re8 39. e6 Kg7 40. Nd6 Re7 41.
Ne4 Kf8 42. h4 gxh4+ 43. Kxh4 c5 44. Nc3 Bc8 45. Nd5 Nb4 46. Nxe7 Kxe7 47. g5
hxg5+ 48. Kxg5 1-0

[Event "4NCL/Div1/BG2-BARB2"]
[Site "Birmingham ENG"]
[Date "2002.??.??"]
[Round "7.5"]
[White "Broom, Mark"]
[Black "D'Costa, Lorin AR"]
[Result "0-1"]
[WhiteElo "2240"]
[BlackElo "2212"]
[PlyCount "82"]
[EventDate "2002.??.??"]

1. c4 e5 2. g3 Nf6 3. Bg2 d5 4. cxd5 Nxd5 5. Nc3 Nb6 6. Nf3 Nc6 7. d3 Be7 8.
O-O O-O 9. Be3 Be6 10. Rc1 Nd5 11. Nxd5 Bxd5 12. a3 a5 13. Bc5 a4 14. Bxe7 Qxe7
15. Nd2 Bxg2 16. Kxg2 Nd4 17. e3 Ne6 18. Rc3 Rfd8 19. Qg4 Rd5 20. f4 exf4 21.
gxf4 f5 22. Qf3 Rad8 23. e4 fxe4 24. Nxe4 Nd4 25. Qg4 Nf5 26. Re1 c6 27. Rcc1
Qh4 28. Qxh4 Nxh4+ 29. Kh3 Ng6 30. Kg4 h5+ 31. Kf3 Rf8 32. Nc5 Nxf4 33. Ke4
Nxd3 34. Nxd3 Re8+ 35. Kf3 Rxd3+ 36. Kf4 Rf8+ 37. Kg5 Rd5+ 38. Kh4 Rf4+ 39. Kg3
Rg4+ 40. Kf3 Rf5+ 41. Ke3 Rg2 0-1

[Event "4NCL/Div1/BG2-BARB2"]
[Site "Birmingham ENG"]
[Date "2002.??.??"]
[Round "7.6"]
[White "Trent, Lawrence"]
[Black "Lyell, Mark"]
[Result "1-0"]
[WhiteElo "2208"]
[BlackElo "2218"]
[PlyCount "81"]
[EventDate "2002.??.??"]

1. e4 e5 2. Nf3 Nc6 3. d4 exd4 4. Bc4 Nf6 5. e5 d5 6. Bb5 Ne4 7. Nxd4 Bc5 8.
Be3 Bd7 9. Bxc6 bxc6 10. O-O O-O 11. f3 Ng5 12. f4 Ne6 13. c3 Bb6 14. f5 Nc5
15. f6 g6 16. Kh1 Re8 17. Bf4 Ne6 18. Bg3 Rb8 19. Qd2 Bc5 20. Nxe6 Bxe6 21. Bf2
Bf8 22. Bxa7 Rb7 23. Be3 Bf5 24. Bf4 c5 25. Rd1 Be4 26. Qc1 Qd7 27. Nd2 Qf5 28.
Nxe4 Qxe4 29. Re1 Qf5 30. Bh6 Qh5 31. Bxf8 Kxf8 32. Qe3 Rxb2 33. Qxc5+ Kg8 34.
Qxd5 Reb8 35. a4 Qg5 36. Qe4 h5 37. a5 h4 38. h3 Rd8 39. e6 Qxf6 40. e7 Re8 41.
a6 1-0

[Event "4NCL/Div1/BG2-BARB2"]
[Site "Birmingham ENG"]
[Date "2002.??.??"]
[Round "7.7"]
[White "Shaw, David A"]
[Black "Taylor, Peter"]
[Result "1/2-1/2"]
[WhiteElo "2211"]
[BlackElo "2229"]
[PlyCount "60"]
[EventDate "2002.??.??"]

1. e4 c6 2. d4 d5 3. exd5 cxd5 4. Bd3 Nc6 5. c3 Nf6 6. Nf3 Bg4 7. O-O e6 8. Re1
Be7 9. Nbd2 O-O 10. Qb3 Qc8 11. Ne5 Bh5 12. Nf1 Nxe5 13. dxe5 Nd7 14. Qc2 Bg6
15. Bxg6 hxg6 16. Qe2 Qc4 17. Nd2 Qxe2 18. Rxe2 Rfc8 19. Nf3 b5 20. a3 a5 21.
Bd2 Nc5 22. Nd4 Rab8 23. f3 Na4 24. Be1 Bc5 25. Kf1 Bxd4 26. cxd4 Ra8 27. Kf2
Nb6 28. Ke3 Kf8 29. Kd3 Ke7 30. f4 Kd7 1/2-1/2

[Event "4NCL/Div1/BG2-BARB2"]
[Site "Birmingham ENG"]
[Date "2002.??.??"]
[Round "7.8"]
[White "Macnab, Louise C"]
[Black "Flear, Christine"]
[Result "0-1"]
[WhiteElo "1665"]
[BlackElo "2164"]
[PlyCount "100"]
[EventDate "2002.??.??"]

1. d4 d5 2. c4 e6 3. Nf3 Nf6 4. g3 Bb4+ 5. Bd2 Be7 6. Bg2 O-O 7. O-O a6 8. b3
dxc4 9. bxc4 c5 10. e3 Nc6 11. Bc1 Qc7 12. Qe2 Bd7 13. Ba3 cxd4 14. exd4 Bxa3
15. Nxa3 Rac8 16. Rfd1 Na5 17. Rac1 Ba4 18. Rd2 Qe7 19. Qe3 Nd5 20. Qd3 b5 21.
c5 b4 22. Nb1 Bb5 23. Qc2 Nc4 24. Rdd1 a5 25. Ne5 Ncb6 26. Qd2 Nd7 27. Nxd7
Qxd7 28. a3 Bc6 29. axb4 axb4 30. Qb2 Ra8 31. Re1 Rfb8 32. Nd2 Nc3 33. Bxc6
Qxc6 34. Ra1 Rxa1 35. Rxa1 Qd5 36. Nb3 h5 37. Re1 h4 38. Re5 Qf3 39. Re3 Qd1+
40. Kg2 hxg3 41. hxg3 Ra8 42. c6 Nd5 43. Re2 Ra3 44. Rc2 Qd3 45. Nd2 Qe2 46.
Nc4 Qf3+ 47. Kh2 Qh5+ 48. Kg2 Nf4+ 49. gxf4 Rh3 50. Ne3 Qf3+ 0-1